Lịch Thái Sơn La Quyển 6
Giới thiệu lịch của người Thái Đen Sơn La từ năm 2024 đến năm 2048
Sparad:
| Huvudupphovsman: | |
|---|---|
| Övriga upphovsmän: | |
| Materialtyp: | Bok |
| Språk: | Undetermined |
| Publicerad: |
H.
Khoa học xã hội
2015
|
| Ämnen: | |
| Länkar: | http://lrc.tdmu.edu.vn/opac/search/detail.asp?aID=2&ID=25534 |
| Taggar: |
Lägg till en tagg
Inga taggar, Lägg till första taggen!
|
| Thư viện lưu trữ: | Trung tâm Học liệu Trường Đại học Thủ Dầu Một |
|---|
| LEADER | 00940nam a2200229Ia 4500 | ||
|---|---|---|---|
| 001 | TDMU_25534 | ||
| 008 | 210410s9999 xx 000 0 und d | ||
| 082 | |a 529.308995911 | ||
| 090 | |b TR121 | ||
| 100 | |a Trần, Vân Hạc | ||
| 245 | 0 | |a Lịch Thái Sơn La | |
| 245 | 0 | |c Trần Vân Hạc, Cà Văn Chung | |
| 245 | 0 | |n Quyển 6 | |
| 260 | |a H. | ||
| 260 | |b Khoa học xã hội | ||
| 260 | |c 2015 | ||
| 300 | |a 615 tr . | ||
| 520 | |a Giới thiệu lịch của người Thái Đen Sơn La từ năm 2024 đến năm 2048 | ||
| 650 | |a Văn hóa dân gian |x Lịch |x Dân tộc Thái |z Việt Nam; Lịch |x Dân tộc Thái |z Việt Nam; Dân tộc Thái |x Lịch |z Việt Nam | ||
| 700 | |a Hội Văn nghệ dân gian Việt Nam | ||
| 856 | |u http://lrc.tdmu.edu.vn/opac/search/detail.asp?aID=2&ID=25534 | ||
| 980 | |a Trung tâm Học liệu Trường Đại học Thủ Dầu Một | ||